[Event "OEISM 0818 BLMM"]
[Site "austriablmm"]
[Date "2020.12.12"]
[Round "6"]
[White "Luis_VST"]
[Black "Goldene Leune"]
[Result "0-1"]
[WhiteElo "1452"]
[BlackElo "1726"]
[Annotator "NA RC"]
[PlyCount "48"]
[EventDate "2020.12.12"]
[EventType "blitz"]

1. e4 {[%emt 0:00:56]} c5 {[%emt 0:00:04]} 2. c3 {[%emt 0:00:12]} d6 {[%emt 0:00:02]} 3. Bb5+ {[%emt 0:00:10]} Nc6 {[%emt 0:00:03]} 4. Bxc6+ {[%emt 0:00:03]} bxc6 {[%emt 0:00:02]} 5. b4 {[%emt 0:00:03]} cxb4 {[%emt 0:00:02]} 6. cxb4 {[%emt 0:00:02]} Nf6 {[%emt 0:00:01]} 7. Bb2 {[%emt 0:00:03]} e6 {[%emt 0:00:02]} 8. Bxf6 {[%emt 0:00:02]} Qxf6 {[%emt 0:00:03]} 9. Na3 {[%emt 0:00:11]} Be7 {[%emt 0:00:15]} 10. Nf3 {[%emt 0:00:11]} O-O {[%emt 0:00:03]} 11. O-O {[%emt 0:00:02]} Bd7 {[%emt 0:00:03]} 12. Nc4 {[%emt 0:00:05]} d5 {[%emt 0:00:03]} 13. Na5 {[%emt 0:00:04]} Rab8 {[%emt 0:00:05]} 14. Nb3 {[%emt 0:00:05]} Rxb4 {[%emt 0:00:02]} 15. Nbd4 {[%emt 0:00:10]} Rxd4 {[%emt 0:00:05]} 16. Nxd4 {[%emt 0:00:03]} Qxd4 {[%emt 0:00:02]} 17. d3 {[%emt 0:00:02]} Qe5 {[%emt 0:00:09]} 18. f4 {[%emt 0:00:05]} Qf6 {[%emt 0:00:05]} 19. Qb3 {[%emt 0:00:08]} Qh6 {[%emt 0:00:06]} 20. Qb7 {[%emt 0:00:03]} Bd6 {[%emt 0:00:07]} 21. Qxd7 {[%emt 0:00:16]} Bxf4 {[%emt 0:00:02]} 22. Qxc6 {[%emt 0:00:12]} Be3+ {[%emt 0:00:06]} 23. Kh1 {[%emt 0:00:05]} Bf4 {[%emt 0:00:02]} 24. Rf3 {[%emt 0:00:09]} Qxh2# {[%emt 0:00:03] Mate Mate} 0-1

[Event "OEISM 0818 BLMM"]
[Site "austriablmm"]
[Date "2020.12.12"]
[Round "6"]
[White "Valeria5492"]
[Black "NIKO2011"]
[Result "0-1"]
[WhiteElo "1438"]
[BlackElo "1828"]
[Annotator "NA"]
[PlyCount "90"]
[EventDate "2020.12.12"]
[EventType "blitz"]

1. e4 {[%emt 0:00:03]} c5 {[%emt 0:00:03]} 2. Nf3 {[%emt 0:00:17]} e6 {[%emt 0:00:03]} 3. Nc3 {[%emt 0:00:22]} a6 {[%emt 0:00:06]} 4. Bc4 {[%emt 0:00:22]} b5 {[%emt 0:00:02]} 5. Be2 {[%emt 0:00:20]} Bb7 {[%emt 0:00:02]} 6. d3 {[%emt 0:00:03]} Be7 {[%emt 0:00:05]} 7. Be3 {[%emt 0:00:13]} d5 {[%emt 0:00:06]} 8. O-O {[%emt 0:00:48]} d4 {[%emt 0:00:03]} 9. Bf4 {[%emt 0:00:40]} dxc3 {[%emt 0:00:03]} 10. bxc3 {[%emt 0:00:02]} Nf6 {[%emt 0:00:02]} 11. d4 {[%emt 0:00:27]} cxd4 {[%emt 0:00:06]} 12. cxd4 {[%emt 0:00:04]} Bxe4 {[%emt 0:00:03]} 13. c3 {[%emt 0:00:50]} O-O {[%emt 0:00:07]} 14. Nh4 {[%emt 0:00:24]} Nc6 {[%emt 0:00:25]} 15. f3 {[%emt 0:00:42]} Bg6 {[%emt 0:00:06]} 16. Qe1 {[%emt 0:00:25]} Nd5 {[%emt 0:00:07]} 17. a3 {[%emt 0:00:59]} Bxh4 {[%emt 0:00:07]} 18. g3 {[%emt 0:00:10]} Nxf4 {[%emt 0:00:08]} 19. gxh4 {[%emt 0:00:23]} Nxe2+ {[%emt 0:00:03]} 20. Qxe2 {[%emt 0:00:02]} Qxh4 {[%emt 0:00:06]} 21. Rad1 {[%emt 0:00:34]} Rad8 {[%emt 0:00:10]} 22. Qe3 {[%emt 0:00:26]} Rd5 {[%emt 0:00:07]} 23. Rf2 {[%emt 0:00:06]} Qg5+ {[%emt 0:00:04]} 24. Qxg5 {[%emt 0:00:13]} Rxg5+ {[%emt 0:00:00]} 25. Kf1 {[%emt 0:00:04]} Rd8 {[%emt 0:00:03]} 26. f4 {[%emt 0:00:04]} Bh5 {[%emt 0:00:09]} 27. Rdd2 {[%emt 0:00:07]} Rg4 {[%emt 0:00:08]} 28. h3 {[%emt 0:00:06]} Rg3 {[%emt 0:00:03]} 29. h4 {[%emt 0:00:08]} Rxc3 {[%emt 0:00:04]} 30. Rg2 {[%emt 0:00:09]} Rxd4 {[%emt 0:00:14]} 31. Ra2 {[%emt 0:00:20]} Rd1+ {[%emt 0:00:20]} 32. Kf2 {[%emt 0:00:03]} Rcd3 {[%emt 0:00:01]} 33. Re2 {[%emt 0:00:26]} Bxe2 {[%emt 0:00:03]} 34. Kxe2 {[%emt 0:00:02]} R1d2+ {[%emt 0:00:03]} 35. Kf1 {[%emt 0:00:04]} Rxg2 {[%emt 0:00:05]} 36. Kxg2 {[%emt 0:00:03]} Rxa3 {[%emt 0:00:01]} 37. Kf2 {[%emt 0:00:04]} Rc3 {[%emt 0:00:01]} 38. Ke2 {[%emt 0:00:07]} a5 {[%emt 0:00:01]} 39. Kd2 {[%emt 0:00:03]} b4 {[%emt 0:00:01]} 40. h5 {[%emt 0:00:10]} a4 {[%emt 0:00:01]} 41. Kd1 {[%emt 0:00:06]} a3 {[%emt 0:00:01]} 42. Kd2 {[%emt 0:00:05]} a2 {[%emt 0:00:01]} 43. Kd1 {[%emt 0:00:06]} a1=Q+ {[%emt 0:00:00]} 44. Kd2 {[%emt 0:00:02]} Qb2+ {[%emt 0:00:02]} 45. Kd1 {[%emt 0:00:08]} Rc1# {[%emt 0:00:00] Mate Mate} 0-1

[Event "OEISM 0818 BLMM"]
[Site "austriablmm"]
[Date "2020.12.12"]
[Round "6"]
[White "Oberwirschtl"]
[Black "CrushTheRush"]
[Result "0-1"]
[WhiteElo "1416"]
[BlackElo "1974"]
[Annotator "NA RC"]
[PlyCount "48"]
[EventDate "2020.12.12"]
[EventType "blitz"]

1. e4 {[%emt 0:00:07]} Nf6 {[%emt 0:00:01]} 2. e5 {[%emt 0:00:03]} Nd5 {[%emt 0:00:02]} 3. d4 {[%emt 0:00:00]} d6 {[%emt 0:00:01]} 4. Bc4 {[%emt 0:00:02]} Nb6 {[%emt 0:00:01]} 5. Bb3 {[%emt 0:00:01]} g6 {[%emt 0:00:02]} 6. Qf3 {[%emt 0:00:10]} d5 {[%emt 0:00:02]} 7. Nc3 {[%emt 0:00:22]} Nc6 {[%emt 0:00:13]} 8. Nxd5 {[%emt 0:00:20]} Nxd4 {[%emt 0:00:03]} 9. Qd3 {[%emt 0:00:46]} Nxb3 {[%emt 0:00:04]} 10. Qxb3 {[%emt 0:00:11]} Qxd5 {[%emt 0:00:02]} 11. Qc3 {[%emt 0:00:08]} Qxg2 {[%emt 0:00:05]} 12. Qf3 {[%emt 0:00:39]} Qxf3 {[%emt 0:00:04]} 13. Nxf3 {[%emt 0:00:04]} Bg7 {[%emt 0:00:00]} 14. Bf4 {[%emt 0:00:02]} Be6 {[%emt 0:00:03]} 15. O-O-O {[%emt 0:00:08]} Bd5 {[%emt 0:00:05]} 16. Rd3 {[%emt 0:00:04]} Be4 {[%emt 0:00:02]} 17. Re3 {[%emt 0:00:02]} Bc6 {[%emt 0:00:02]} 18. Rd1 {[%emt 0:00:13]} O-O {[%emt 0:00:02]} 19. Red3 {[%emt 0:00:05]} Bxf3 {[%emt 0:00:02]} 20. Rxf3 {[%emt 0:00:01]} Rad8 {[%emt 0:00:01]} 21. Re1 {[%emt 0:00:03]} Rd5 {[%emt 0:00:04]} 22. e6 {[%emt 0:00:01]} fxe6 {[%emt 0:00:00]} 23. Rxe6 {[%emt 0:00:01]} Rdf5 {[%emt 0:00:02]} 24. Rxe7 {[%emt 0:00:23]} Rxf4 {[%emt 0:00:01] Oberwirschtl resigns} 0-1

[Event "OEISM 0818 BLMM"]
[Site "austriablmm"]
[Date "2020.12.12"]
[Round "6"]
[White "Jeremia07"]
[Black "Armin_Donner"]
[Result "0-1"]
[WhiteElo "1283"]
[BlackElo "1426"]
[Annotator "NA"]
[PlyCount "88"]
[EventDate "2020.12.12"]
[EventType "blitz"]

1. e4 {[%emt 0:00:05]} e5 {[%emt 0:00:02]} 2. Nf3 {[%emt 0:00:03]} Nf6 {[%emt 0:00:02]} 3. Nc3 {[%emt 0:00:02]} Nc6 {[%emt 0:00:03]} 4. Bb5 {[%emt 0:00:03]} a6 {[%emt 0:00:03]} 5. Bc4 {[%emt 0:00:08]} Bc5 {[%emt 0:00:03]} 6. O-O {[%emt 0:00:06]} O-O {[%emt 0:00:04]} 7. d3 {[%emt 0:00:04]} d6 {[%emt 0:00:03]} 8. Bg5 {[%emt 0:00:03]} h6 {[%emt 0:00:05]} 9. Bxf6 {[%emt 0:00:05]} Qxf6 {[%emt 0:00:03]} 10. Nd5 {[%emt 0:00:04]} Qd8 {[%emt 0:00:05]} 11. Qd2 {[%emt 0:00:15]} Bg4 {[%emt 0:00:17]} 12. h3 {[%emt 0:00:03]} Bxf3 {[%emt 0:00:03]} 13. gxf3 {[%emt 0:00:07]} Qg5+ {[%emt 0:00:07]} 14. Kh2 {[%emt 0:00:03]} Qxd2 {[%emt 0:00:05]} 15. Nxc7 {[%emt 0:00:14]} Rac8 {[%emt 0:00:04]} 16. Nd5 {[%emt 0:00:08]} Qxc2 {[%emt 0:00:14]} 17. Bb3 {[%emt 0:00:16]} Qxb2 {[%emt 0:00:04]} 18. Ba4 {[%emt 0:00:04]} Qa3 {[%emt 0:00:08]} 19. Bxc6 {[%emt 0:00:03]} bxc6 {[%emt 0:00:05]} 20. Ne7+ {[%emt 0:00:02]} Kh8 {[%emt 0:00:08]} 21. Nxc8 {[%emt 0:00:07]} Rxc8 {[%emt 0:00:02]} 22. Kg3 {[%emt 0:00:08]} a5 {[%emt 0:00:13]} 23. f4 {[%emt 0:00:06]} exf4+ {[%emt 0:00:04]} 24. Kxf4 {[%emt 0:00:04]} d5 {[%emt 0:00:02]} 25. exd5 {[%emt 0:00:02]} cxd5 {[%emt 0:00:02]} 26. Rfe1 {[%emt 0:00:05]} Qa4+ {[%emt 0:00:04]} 27. Kg3 {[%emt 0:00:08]} Qd4 {[%emt 0:00:15]} 28. Re3 {[%emt 0:00:05]} Bd6+ {[%emt 0:00:11]} 29. Kf3 {[%emt 0:00:06]} Qxa1 {[%emt 0:00:03]} 30. d4 {[%emt 0:00:08]} Qd1+ {[%emt 0:00:05]} 31. Re2 {[%emt 0:00:04]} Qxd4 {[%emt 0:00:07]} 32. Re7 {[%emt 0:00:06]} Qf4+ {[%emt 0:00:04]} 33. Ke2 {[%emt 0:00:04]} Bxe7 {[%emt 0:00:07]} 34. Kf1 {[%emt 0:00:05]} Qh2 {[%emt 0:00:10]} 35. Ke2 {[%emt 0:00:07]} Qe5+ {[%emt 0:00:04]} 36. Kf1 {[%emt 0:00:02]} Rc1+ {[%emt 0:00:04]} 37. Kg2 {[%emt 0:00:04]} Qg5+ {[%emt 0:00:06]} 38. Kf3 {[%emt 0:00:03]} Rc3+ {[%emt 0:00:03]} 39. Ke2 {[%emt 0:00:05]} Qc1 {[%emt 0:00:12]} 40. h4 {[%emt 0:00:09]} Qc2+ {[%emt 0:00:03]} 41. Kf1 {[%emt 0:00:04]} Rf3 {[%emt 0:00:09]} 42. Kg2 {[%emt 0:00:03]} Qxf2+ {[%emt 0:00:03]} 43. Kh1 {[%emt 0:00:03]} Rg3 {[%emt 0:00:07]} 44. h5 {[%emt 0:00:09]} Rg1# {[%emt 0:00:03] Mate Mate} 0-1

[Event "OEISM 0818 BLMM"]
[Site "austriablmm"]
[Date "2020.12.12"]
[Round "7"]
[White "Konstantin Peyrer"]
[Black "Johnny Johnson"]
[Result "1-0"]
[WhiteElo "2216"]
[BlackElo "1779"]
[Annotator "RC"]
[PlyCount "147"]
[EventDate "2020.12.12"]
[EventType "blitz"]

1. Nf3 {[%emt 0:00:04]} Nf6 {[%emt 0:00:12]} 2. g3 {[%emt 0:00:00]} d5 {[%emt 0:00:08]} 3. Bg2 {[%emt 0:00:00]} e6 {[%emt 0:00:02]} 4. O-O {[%emt 0:00:00]} Be7 {[%emt 0:00:01]} 5. c4 {[%emt 0:00:00]} O-O {[%emt 0:00:02]} 6. b3 {[%emt 0:00:01]} c5 {[%emt 0:00:02]} 7. cxd5 {[%emt 0:00:02]} Nxd5 {[%emt 0:00:15]} 8. Bb2 {[%emt 0:00:01]} Nc6 {[%emt 0:00:04]} 9. Na3 {[%emt 0:00:02]} Bf6 {[%emt 0:00:10]} 10. Bxf6 {[%emt 0:00:03]} Nxf6 {[%emt 0:00:05]} 11. Nc4 {[%emt 0:00:00]} Rb8 {[%emt 0:00:15]} 12. Rb1 {[%emt 0:00:05]} b5 {[%emt 0:00:09]} 13. Ne3 {[%emt 0:00:04]} Bb7 {[%emt 0:00:18]} 14. Rc1 {[%emt 0:00:02]} Qb6 {[%emt 0:00:08]} 15. Qc2 {[%emt 0:00:22]} Nd7 {[%emt 0:00:05]} 16. Rfd1 {[%emt 0:00:07]} Nb4 {[%emt 0:00:12]} 17. Qb1 {[%emt 0:00:01]} Nd5 {[%emt 0:00:07]} 18. Nxd5 {[%emt 0:00:05]} Bxd5 {[%emt 0:00:12]} 19. d3 {[%emt 0:00:03]} Bxf3 {[%emt 0:00:17]} 20. Bxf3 {[%emt 0:00:02]} Rfc8 {[%emt 0:00:02]} 21. Bg2 {[%emt 0:00:03]} h6 {[%emt 0:00:18]} 22. Rc2 {[%emt 0:00:04]} Rc7 {[%emt 0:00:05]} 23. Qc1 {[%emt 0:00:05]} Rbc8 {[%emt 0:00:03]} 24. Qe3 {[%emt 0:00:01]} Qd6 {[%emt 0:00:11]} 25. Rdc1 {[%emt 0:00:05]} Nb6 {[%emt 0:00:28]} 26. Qf4 {[%emt 0:00:08]} Qxf4 {[%emt 0:00:13]} 27. gxf4 {[%emt 0:00:00]} Kf8 {[%emt 0:00:16]} 28. e3 {[%emt 0:00:03]} Ke7 {[%emt 0:00:05]} 29. Kf1 {[%emt 0:00:01]} Kd7 {[%emt 0:00:21]} 30. Ke2 {[%emt 0:00:03]} a5 {[%emt 0:00:28]} 31. a4 {[%emt 0:00:06]} bxa4 {[%emt 0:00:36]} 32. bxa4 {[%emt 0:00:00]} c4 {[%emt 0:00:08]} 33. d4 {[%emt 0:00:24]} Nd5 {[%emt 0:00:30]} 34. Bxd5 {[%emt 0:00:24]} exd5 {[%emt 0:00:00]} 35. Rb2 {[%emt 0:00:00]} Kd6 {[%emt 0:00:36]} 36. Rb5 {[%emt 0:00:03]} Ra8 {[%emt 0:00:07]} 37. Rcb1 {[%emt 0:00:03]} Raa7 {[%emt 0:00:25]} 38. Kd2 {[%emt 0:00:03]} f5 {[%emt 0:00:28]} 39. Kc3 {[%emt 0:00:28]} Ra8 {[%emt 0:00:15]} 40. Rg1 {[%emt 0:00:04]} g5 {[%emt 0:00:50]} 41. fxg5 {[%emt 0:00:02]} hxg5 {[%emt 0:00:00]} 42. Rxg5 {[%emt 0:00:02]} Rh7 {[%emt 0:00:20]} 43. Rxf5 {[%emt 0:00:03]} Rxh2 {[%emt 0:00:07]} 44. Rbxd5+ {[%emt 0:00:02]} Ke6 {[%emt 0:00:02]} 45. Kxc4 {[%emt 0:00:01]} Rc8+ {[%emt 0:00:02]} 46. Rc5 {[%emt 0:00:01]} Rb8 {[%emt 0:00:06]} 47. Rce5+ {[%emt 0:00:04]} Kd6 {[%emt 0:00:01]} 48. Rxa5 {[%emt 0:00:00]} Rh1 {[%emt 0:00:04]} 49. Ra6+ {[%emt 0:00:02]} Ke7 {[%emt 0:00:02]} 50. Rb5 {[%emt 0:00:01]} Rc1+ {[%emt 0:00:01]} 51. Kd3 {[%emt 0:00:00]} Rbc8 {[%emt 0:00:01]} 52. Rb7+ {[%emt 0:00:01]} Ke8 {[%emt 0:00:02]} 53. Rh6 {[%emt 0:00:02]} R1c3+ {[%emt 0:00:04]} 54. Ke4 {[%emt 0:00:01]} R3c7 {[%emt 0:00:01]} 55. Rh8+ {[%emt 0:00:02]} Kd7 {[%emt 0:00:03]} 56. Rh7+ {[%emt 0:00:00]} Kd6 {[%emt 0:00:09]} 57. Rhxc7 {[%emt 0:00:00]} Re8+ {[%emt 0:00:11]} 58. Re7 {[%emt 0:00:01]} Rxe7+ {[%emt 0:00:05]} 59. Rxe7 {[%emt 0:00:01]} Kxe7 {[%emt 0:00:00]} 60. f4 {[%emt 0:00:00]} Kd7 {[%emt 0:00:00]} 61. a5 {[%emt 0:00:00]} Ke7 {[%emt 0:00:00]} 62. f5 {[%emt 0:00:00]} Kd7 {[%emt 0:00:00]} 63. a6 {[%emt 0:00:00]} Ke7 {[%emt 0:00:00]} 64. f6+ {[%emt 0:00:00]} Kxf6 {[%emt 0:00:00]} 65. a7 {[%emt 0:00:00]} Kg5 {[%emt 0:00:00]} 66. a8=Q {[%emt 0:00:00]} Kg4 {[%emt 0:00:00]} 67. Qd5 {[%emt 0:00:01]} Kg3 {[%emt 0:00:00]} 68. Qf5 {[%emt 0:00:00]} Kg2 {[%emt 0:00:01]} 69. d5 {[%emt 0:00:00]} Kg3 {[%emt 0:00:01]} 70. d6 {[%emt 0:00:00]} Kg2 {[%emt 0:00:00]} 71. d7 {[%emt 0:00:00]} Kg3 {[%emt 0:00:00]} 72. d8=Q {[%emt 0:00:00]} Kg2 {[%emt 0:00:00]} 73. Qg8+ {[%emt 0:00:00]} Kh2 {[%emt 0:00:01]} 74. Qfh7# {[%emt 0:00:00] (Lag: Av=0.47s, max=1.1s) Mate} 1-0

[Event "OEISM 0818 BLMM"]
[Site "austriablmm"]
[Date "2020.12.12"]
[Round "7"]
[White "Beckenbauer23"]
[Black "Marc_m"]
[Result "1-0"]
[WhiteElo "2088"]
[BlackElo "1998"]
[Annotator "NA"]
[PlyCount "83"]
[EventDate "2020.12.12"]
[EventType "blitz"]

1. e4 {[%emt 0:00:01]} c5 {[%emt 0:00:02]} 2. Nf3 {[%emt 0:00:01]} d6 {[%emt 0:00:01]} 3. d4 {[%emt 0:00:05]} cxd4 {[%emt 0:00:00]} 4. Nxd4 {[%emt 0:00:00]} Nf6 {[%emt 0:00:01]} 5. Nc3 {[%emt 0:00:00]} a6 {[%emt 0:00:01]} 6. Qf3 {[%emt 0:00:01]} g6 {[%emt 0:00:28]} 7. h3 {[%emt 0:00:02]} Bg7 {[%emt 0:00:04]} 8. Be3 {[%emt 0:00:01]} O-O {[%emt 0:00:14]} 9. g4 {[%emt 0:00:03]} Nc6 {[%emt 0:00:47]} 10. O-O-O {[%emt 0:00:05]} Qa5 {[%emt 0:00:54]} 11. Nb3 {[%emt 0:00:14]} Qc7 {[%emt 0:00:08]} 12. g5 {[%emt 0:00:34]} Nd7 {[%emt 0:00:06]} 13. Nd5 {[%emt 0:00:02]} Qd8 {[%emt 0:00:08]} 14. h4 {[%emt 0:00:04]} Nde5 {[%emt 0:01:51]} 15. Qg3 {[%emt 0:00:40]} Bg4 {[%emt 0:00:39]} 16. Bb6 {[%emt 0:03:28]} Qc8 {[%emt 0:00:55]} 17. Re1 {[%emt 0:00:19]} Bf3 {[%emt 0:01:28]} 18. Bh3 {[%emt 0:00:10]} Bg4 {[%emt 0:00:27]} 19. Bxg4 {[%emt 0:01:54]} Qxg4 {[%emt 0:00:00]} 20. Qxg4 {[%emt 0:00:04]} Nxg4 {[%emt 0:00:00]} 21. f4 {[%emt 0:00:01]} e6 {[%emt 0:00:29]} 22. Rhg1 {[%emt 0:00:33]} h5 {[%emt 0:00:54]} 23. Ne3 {[%emt 0:00:32]} Nxe3 {[%emt 0:00:03]} 24. Rxe3 {[%emt 0:00:00]} Rac8 {[%emt 0:00:29]} 25. a3 {[%emt 0:00:13]} d5 {[%emt 0:00:41]} 26. Rd1 {[%emt 0:00:23]} Rfe8 {[%emt 0:00:10]} 27. exd5 {[%emt 0:00:31]} exd5 {[%emt 0:00:00]} 28. Rxd5 {[%emt 0:00:00]} Rxe3 {[%emt 0:00:05]} 29. Bxe3 {[%emt 0:00:00]} Re8 {[%emt 0:00:01]} 30. Rd3 {[%emt 0:00:03]} Ne7 {[%emt 0:00:08]} 31. Bf2 {[%emt 0:00:52]} Nf5 {[%emt 0:00:04]} 32. c3 {[%emt 0:00:01]} Re2 {[%emt 0:00:08]} 33. Rd2 {[%emt 0:00:01]} Re4 {[%emt 0:00:01]} 34. Nd4 {[%emt 0:00:21]} Nxd4 {[%emt 0:00:11]} 35. Bxd4 {[%emt 0:00:02]} Rxf4 {[%emt 0:00:00]} 36. Bf2 {[%emt 0:00:19]} Be5 {[%emt 0:00:07]} 37. Re2 {[%emt 0:00:02]} Bd6 {[%emt 0:00:02]} 38. Kc2 {[%emt 0:00:02]} Rg4 {[%emt 0:00:04]} 39. Bd4 {[%emt 0:00:01]} Bf8 {[%emt 0:00:06]} 40. Re8 {[%emt 0:00:02]} Rg2+ {[%emt 0:00:03]} 41. Kb3 {[%emt 0:00:01]} b6 {[%emt 0:00:02]} 42. Bxb6 {[%emt 0:00:01] Zeit (Lag: Av=0.31s, max=2.0s)} 1-0

[Event "OEISM 0818 BLMM"]
[Site "austriablmm"]
[Date "2020.12.12"]
[Round "7"]
[White "Sebsep1"]
[Black "Magdalena_m"]
[Result "1-0"]
[WhiteElo "2078"]
[BlackElo "1762"]
[Annotator "RC"]
[PlyCount "147"]
[EventDate "2020.12.12"]
[EventType "blitz"]

1. e4 {[%emt 0:00:01]} c6 {[%emt 0:00:02]} 2. c4 {[%emt 0:00:02]} d5 {[%emt 0:00:02]} 3. exd5 {[%emt 0:00:00]} cxd5 {[%emt 0:00:01]} 4. cxd5 {[%emt 0:00:00]} Nf6 {[%emt 0:00:01]} 5. Nc3 {[%emt 0:00:01]} Nxd5 {[%emt 0:00:02]} 6. Nf3 {[%emt 0:00:01]} Nc6 {[%emt 0:00:02]} 7. d4 {[%emt 0:00:01]} g6 {[%emt 0:00:05]} 8. Qb3 {[%emt 0:00:06]} Nxc3 {[%emt 0:00:16]} 9. bxc3 {[%emt 0:00:03]} Bg7 {[%emt 0:00:06]} 10. Be2 {[%emt 0:01:30]} O-O {[%emt 0:00:05]} 11. O-O {[%emt 0:00:02]} Qc7 {[%emt 0:00:08]} 12. Ba3 {[%emt 0:00:36]} Be6 {[%emt 0:00:30]} 13. Qa4 {[%emt 0:00:26]} Rfd8 {[%emt 0:00:18]} 14. Rfe1 {[%emt 0:00:07]} Rac8 {[%emt 0:00:08]} 15. Ng5 {[%emt 0:00:28]} Bd7 {[%emt 0:00:19]} 16. Qb3 {[%emt 0:00:51]} e6 {[%emt 0:00:14]} 17. Rac1 {[%emt 0:00:23]} Bh6 {[%emt 0:00:17]} 18. h4 {[%emt 0:00:38]} Na5 {[%emt 0:00:10]} 19. Qb2 {[%emt 0:00:13]} f6 {[%emt 0:00:14]} 20. Ne4 {[%emt 0:00:39]} Bxc1 {[%emt 0:00:18]} 21. Qxc1 {[%emt 0:00:16]} f5 {[%emt 0:00:37]} 22. Nd6 {[%emt 0:03:19]} Be8 {[%emt 0:00:43]} 23. Nxc8 {[%emt 0:00:04]} Rxc8 {[%emt 0:00:02]} 24. Bf3 {[%emt 0:00:09]} Qxc3 {[%emt 0:00:07]} 25. Qxc3 {[%emt 0:00:02]} Rxc3 {[%emt 0:00:03]} 26. Bb4 {[%emt 0:00:01]} Rxf3 {[%emt 0:00:14]} 27. gxf3 {[%emt 0:00:04]} Nc6 {[%emt 0:00:01]} 28. Bc3 {[%emt 0:00:02]} Kf7 {[%emt 0:00:02]} 29. Kg2 {[%emt 0:00:05]} Ne7 {[%emt 0:00:04]} 30. Kg3 {[%emt 0:00:05]} Nd5 {[%emt 0:00:02]} 31. Bd2 {[%emt 0:00:00]} Bc6 {[%emt 0:00:11]} 32. Rh1 {[%emt 0:00:06]} Nf6 {[%emt 0:00:04]} 33. Rc1 {[%emt 0:00:05]} Nh5+ {[%emt 0:00:03]} 34. Kg2 {[%emt 0:00:03]} Nf6 {[%emt 0:00:07]} 35. Bf4 {[%emt 0:00:03]} Nd5 {[%emt 0:00:03]} 36. Be5 {[%emt 0:00:01]} Nb4 {[%emt 0:00:11]} 37. a3 {[%emt 0:00:03]} Nd3 {[%emt 0:00:06]} 38. Rd1 {[%emt 0:00:04]} Nb2 {[%emt 0:00:03]} 39. Rh1 {[%emt 0:00:09]} Nc4 {[%emt 0:00:04]} 40. h5 {[%emt 0:00:09]} g5 {[%emt 0:00:13]} 41. Kg3 {[%emt 0:00:19]} Nd2 {[%emt 0:00:05]} 42. Rc1 {[%emt 0:00:04]} f4+ {[%emt 0:00:18]} 43. Kg4 {[%emt 0:00:11]} h6 {[%emt 0:00:15]} 44. Rc5 {[%emt 0:00:19]} Bxf3+ {[%emt 0:00:06]} 45. Kh3 {[%emt 0:00:01]} Bc6 {[%emt 0:00:16]} 46. a4 {[%emt 0:00:01]} Ne4 {[%emt 0:00:03]} 47. Rc2 {[%emt 0:00:03]} a6 {[%emt 0:00:11]} 48. a5 {[%emt 0:00:01]} Nf6 {[%emt 0:00:12]} 49. Bxf6 {[%emt 0:00:08]} Kxf6 {[%emt 0:00:00]} 50. Kg4 {[%emt 0:00:01]} Be4 {[%emt 0:00:17] Magdalena_m bietet Remis} 51. Rc7 {[%emt 0:00:09]} e5 {[%emt 0:00:21]} 52. dxe5+ {[%emt 0:00:06]} Kxe5 {[%emt 0:00:02]} 53. Kh3 {[%emt 0:00:10]} Bf5+ {[%emt 0:00:02]} 54. Kg2 {[%emt 0:00:01]} Kf6 {[%emt 0:00:08]} 55. f3 {[%emt 0:00:02]} g4 {[%emt 0:00:03]} 56. Rxb7 {[%emt 0:00:03]} gxf3+ {[%emt 0:00:04]} 57. Kxf3 {[%emt 0:00:00]} Kg5 {[%emt 0:00:01]} 58. Rb6 {[%emt 0:00:01]} Bd3 {[%emt 0:00:06]} 59. Rd6 {[%emt 0:00:04]} Bc4 {[%emt 0:00:05]} 60. Rg6+ {[%emt 0:00:01]} Kxh5 {[%emt 0:00:02]} 61. Rg1 {[%emt 0:00:00]} Bb5 {[%emt 0:00:05]} 62. Kxf4 {[%emt 0:00:01]} Bc4 {[%emt 0:00:03]} 63. Rc1 {[%emt 0:00:01]} Bd3 {[%emt 0:00:04]} 64. Rc3 {[%emt 0:00:02]} Be2 {[%emt 0:00:04]} 65. Kf5 {[%emt 0:00:02]} Kh4 {[%emt 0:00:02]} 66. Re3 {[%emt 0:00:06] Magdalena_m bietet Remis} Bb5 {[%emt 0:00:09]} 67. Kf4 {[%emt 0:00:03]} h5 {[%emt 0:00:03]} 68. Rb3 {[%emt 0:00:12]} Be2 {[%emt 0:00:06]} 69. Rb2 {[%emt 0:00:01]} Bf1 {[%emt 0:00:03]} 70. Rh2+ {[%emt 0:00:02]} Bh3 {[%emt 0:00:02]} 71. Kf3 {[%emt 0:00:00]} Kg5 {[%emt 0:00:09]} 72. Rxh3 {[%emt 0:00:01]} h4 {[%emt 0:00:01]} 73. Ke4 {[%emt 0:00:02]} Kg4 {[%emt 0:00:01]} 74. Rh1 {[%emt 0:00:01] Magdalena_m gibt auf} 1-0

[Event "OEISM 0818 BLMM"]
[Site "austriablmm"]
[Date "2020.12.12"]
[Round "7"]
[White "David04"]
[Black "DoHoChess"]
[Result "0-1"]
[WhiteElo "2043"]
[BlackElo "2233"]
[Annotator "NA"]
[PlyCount "80"]
[EventDate "2020.12.12"]
[EventType "blitz"]

1. e4 {[%emt 0:00:04]} e5 {[%emt 0:00:01]} 2. Nf3 {[%emt 0:00:03]} Nc6 {[%emt 0:00:01]} 3. Bb5 {[%emt 0:00:01]} a6 {[%emt 0:00:02]} 4. Ba4 {[%emt 0:00:01]} Nf6 {[%emt 0:00:01]} 5. O-O {[%emt 0:00:01]} Be7 {[%emt 0:00:01]} 6. Re1 {[%emt 0:00:03]} b5 {[%emt 0:00:01]} 7. Bb3 {[%emt 0:00:00]} O-O {[%emt 0:00:01]} 8. c3 {[%emt 0:00:01]} d5 {[%emt 0:00:19]} 9. exd5 {[%emt 0:00:02]} Nxd5 {[%emt 0:00:00]} 10. Nxe5 {[%emt 0:00:01]} Nxe5 {[%emt 0:00:01]} 11. Rxe5 {[%emt 0:00:01]} c6 {[%emt 0:00:00]} 12. d3 {[%emt 0:00:02]} Bd6 {[%emt 0:00:02]} 13. Re1 {[%emt 0:00:01]} Bf5 {[%emt 0:00:04]} 14. Qf3 {[%emt 0:00:11]} Re8 {[%emt 0:00:01]} 15. Rxe8+ {[%emt 0:00:06]} Qxe8 {[%emt 0:00:01]} 16. Nd2 {[%emt 0:00:01]} Qe1+ {[%emt 0:00:04]} 17. Nf1 {[%emt 0:00:01]} Bg6 {[%emt 0:00:15]} 18. Bd1 {[%emt 0:01:04]} Bxh2+ {[%emt 0:03:06]} 19. Kxh2 {[%emt 0:00:07]} Qxf1 {[%emt 0:00:01]} 20. Qe2 {[%emt 0:00:48]} Qxe2 {[%emt 0:00:18]} 21. Bxe2 {[%emt 0:00:03]} Re8 {[%emt 0:00:00]} 22. Bf3 {[%emt 0:00:14]} Re1 {[%emt 0:00:29]} 23. Bxd5 {[%emt 0:00:39]} cxd5 {[%emt 0:00:03]} 24. d4 {[%emt 0:00:05]} a5 {[%emt 0:00:38]} 25. Kg3 {[%emt 0:01:41]} a4 {[%emt 0:00:04]} 26. f3 {[%emt 0:00:34]} Bd3 {[%emt 0:00:04]} 27. Kf2 {[%emt 0:00:36]} Rf1+ {[%emt 0:00:02]} 28. Ke3 {[%emt 0:00:02]} Bf5 {[%emt 0:00:10]} 29. Ke2 {[%emt 0:00:08]} Rh1 {[%emt 0:00:02]} 30. b3 {[%emt 0:01:20]} a3 {[%emt 0:00:02]} 31. Ke3 {[%emt 0:00:19]} g5 {[%emt 0:00:09]} 32. g4 {[%emt 0:01:15]} Bg6 {[%emt 0:00:03]} 33. f4 {[%emt 0:00:02]} gxf4+ {[%emt 0:01:17]} 34. Kxf4 {[%emt 0:00:00]} f6 {[%emt 0:00:01]} 35. Kg3 {[%emt 0:00:40]} Kf7 {[%emt 0:00:02]} 36. Kf4 {[%emt 0:00:03]} Ke6 {[%emt 0:00:21]} 37. Kg3 {[%emt 0:00:05]} Be4 {[%emt 0:00:03]} 38. Kf4 {[%emt 0:00:03]} Rh3 {[%emt 0:00:12]} 39. g5 {[%emt 0:00:03]} f5 {[%emt 0:00:05]} 40. g6 {[%emt 0:00:02]} h6 {[%emt 0:00:05] David04 resigns} 0-1